[Event "Vaujany op-A 6th"]
[Site "Vaujany"]
[Date "2015.07.09"]
[Round "1"]
[White "Foisor, Sabina Francesca"]
[Black "Grange, Romain"]
[Result "1-0"]
[WhiteElo "2212"]
[BlackElo "1811"]
[PlyCount "115"]
[EventDate "2015.07.09"]
[EventType "swiss"]
[EventRounds "9"]
[EventCountry "FRA"]
[SourceTitle "EXT 2016"]
[Source "ChessBase"]
[SourceDate "2015.10.08"]
[SourceVersion "1"]
[SourceVersionDate "2015.10.08"]
[SourceQuality "1"]

1. d4 d5 2. Bf4 Nf6 3. e3 e6 4. Nd2 c5 5. c3 b6 6. Bd3 Bd6 7. Bg3 0-0 8. Ngf3 Bb7 9. Ne5 Qc7 10. 0-0 Nbd7 11. f4 Ne4 12. Nxe4 dxe4 13. Bb5 Nf6 14. Qe1 Nd5 15. Bh4 f6 16. Nc4 a6 17. Ba4 cxd4 18. Nxd6 Qxd6 19. cxd4 Nb4 20. f5 b5 21. Bg3 Qe7 22. Bd1 Nd3 23. Qd2 e5 24. dxe5 fxe5 25. Bb3+ Kh8 26. Qe2 Qg5 27. Be6 Rad8 28. a4 b4 29. Rad1 Bd5 30. Bxd5 Rxd5 31. Be1 a5 32. h4 Qd8 33. Qg4 Nxb2 34. Ra1 Nd3 35. Qxe4 Nc5 36. Qc4 Nb7 37. Bg3 Qd7 38. Rac1 Rc5 39. Qe6 Qc8 40. Rxc5 Qxc5 41. Bxe5 Nd8 42. Qd6 Qxe3+ 43. Kh2 Re8 44. Bd4 Qe7 45. Qxe7 Rxe7 46. f6 Rf7 47. fxg7+ Kg8 48. Re1 Rxg7 49. Re8+ Kf7 50. Rxd8 Rg4 51. Kh3 Re4 52. Bb6 b3 53. Bxa5 b2 54. Rb8 Rxa4 55. Bd8 Ra8 56. Rb7+ Kg6 57. Bg5 h6 58. Rb6+ 1-0

[Event "St Chely d'Aubrac op 11th"]
[Site "St Chely d'Aubrac"]
[Date "2011.07.14"]
[Round "7"]
[White "Joyeux, Gerard"]
[Black "Grange, Romain"]
[Result "1-0"]
[WhiteElo "1633"]
[BlackElo "1721"]
[PlyCount "33"]
[EventDate "2011.07.09"]
[EventType "swiss"]
[EventRounds "7"]
[EventCountry "FRA"]
[SourceTitle "CBM 143 Extra"]
[Source "ChessBase"]
[SourceDate "2011.08.29"]
[SourceVersion "1"]
[SourceVersionDate "2011.08.29"]
[SourceQuality "1"]

1. d4 f5 2. e4 fxe4 3. f3 exf3 4. Nxf3 Nf6 5. Bd3 e6 6. 0-0 Be7 7. Nc3 b6 8. Bg5 Bb7 9. Bxf6 Bxf6 10. Ne5 Ke7 11. Ne4 Bxe4 12. Bxe4 d5 13. Bd3 Bxe5 14. dxe5 Nd7 15. Qh5 g6 16. Qg5+ Ke8 17. Bxg6+ 1-0

[Event "St Chely d'Aubrac op 11th"]
[Site "St Chely d'Aubrac"]
[Date "2011.07.10"]
[Round "2"]
[White "Grange, Romain"]
[Black "Messinger, Karl"]
[Result "0-1"]
[WhiteElo "1721"]
[BlackElo "1988"]
[PlyCount "65"]
[EventDate "2011.07.09"]
[EventType "swiss"]
[EventRounds "7"]
[EventCountry "FRA"]
[SourceTitle "CBM 143 Extra"]
[Source "ChessBase"]
[SourceDate "2011.08.29"]
[SourceVersion "1"]
[SourceVersionDate "2011.08.29"]
[SourceQuality "1"]

1. d4 Nf6 2. Bg5 g6 3. Bxf6 exf6 4. e3 Bg7 5. g3 0-0 6. Bg2 d5 7. Nf3 Be6 8. c3 Nd7 9. Nbd2 c5 10. Qb3 Qc7 11. 0-0 Rac8 12. a4 a5 13. Rfc1 b6 14. Nb1 f5 15. Na3 Nf6 16. Nb5 Qb8 17. Qd1 Ne4 18. Qe2 Bd7 19. Rd1 c4 20. Qc2 Bxb5 21. axb5 Qd6 22. Qa4 Rfe8 23. Ne1 Bh6 24. Bxe4 fxe4 25. Ng2 f5 26. Re1 Re7 27. Re2 g5 28. Qa3 Qd7 29. Kh1 Rg7 30. h4 f4 31. hxg5 f3 32. Nf4 Bxg5 33. Kh2 0-1

[Event "St Chely d'Aubrac op 10th"]
[Site "St Chely d'Aubrac"]
[Date "2010.07.10"]
[Round "1"]
[White "Massoni, Michael"]
[Black "Grange, Romain"]
[Result "1-0"]
[WhiteElo "2308"]
[BlackElo "1690"]
[PlyCount "61"]
[EventDate "2010.07.10"]
[EventType "swiss"]
[EventRounds "9"]
[EventCountry "FRA"]
[SourceTitle "CBM 137 Extra"]
[Source "ChessBase"]
[SourceDate "2010.09.01"]
[SourceVersion "1"]
[SourceVersionDate "2010.09.01"]
[SourceQuality "1"]

1. e4 Nf6 2. e5 Nd5 3. d4 d6 4. c4 Nb6 5. exd6 exd6 6. Nc3 Be7 7. Bd3 Nc6 8. Nge2 Bf6 9. Be3 0-0 10. h3 Re8 11. 0-0 Bd7 12. a3 a6 13. Rc1 Ne7 14. Ng3 Ng6 15. Qb3 Bc6 16. d5 Bd7 17. Nce4 Ba4 18. Qa2 Bh4 19. Nf5 Ne5 20. Bb1 Nexc4 21. Rxc4 Nxc4 22. Qxc4 Bb5 23. Qd4 Re5 24. Nxh4 Qxh4 25. Rc1 f5 26. Ng5 Qxd4 27. Bxd4 Re2 28. Rxc7 Re1+ 29. Kh2 Rxb1 30. Rxg7+ Kf8 31. Nxh7+ 1-0